[Event "Aragon-chT Preferente Gr-I"]
[Site "Aragon"]
[Date "2020.02.01"]
[Round "2.35"]
[White "Gracia Noguero, Javier"]
[Black "Querol Soro, Sergio"]
[Result "1/2-1/2"]
[WhiteElo "1256"]
[BlackElo "1870"]
[PlyCount "41"]
[EventDate "2020.01.25"]
[EventType "team-tourn"]
[EventRounds "9"]
[EventCountry "ESP"]
[SourceTitle "EXT 2022"]
[Source "ChessBase"]
[SourceDate "2021.10.06"]
[SourceVersion "1"]
[SourceVersionDate "2021.10.06"]
[SourceQuality "1"]
[WhiteTeam "Enroque Barbastro"]
[BlackTeam "Las Fuentes"]
[WhiteTeamCountry "ESP"]
[BlackTeamCountry "ESP"]

1. e4 g6 2. Nf3 Bg7 3. Bc4 e6 4. d3 d5 5. exd5 exd5 6. Bb3 Qe7+ 7. Qe2 Qxe2+ 8. Kxe2 Nf6 9. Re1 0-0 10. Kf1 c5 11. c3 Bf5 12. d4 Bd3+ 13. Kg1 Nbd7 14. Bf4 c4 15. Bd1 Rfe8 16. Rxe8+ Rxe8 17. Ba4 a6 18. Bxd7 Nxd7 19. Nbd2 b5 20. a4 bxa4 21. Rxa4 1/2-1/2

[Event "Aragon-chT Preferente Gr-II"]
[Site "Aragon"]
[Date "2019.03.02"]
[Round "6.59"]
[White "Querol Soro, Sergio"]
[Black "Garcia Alriolls, Jesus"]
[Result "1/2-1/2"]
[WhiteElo "1927"]
[BlackElo "1806"]
[PlyCount "120"]
[EventDate "2019.01.26"]
[EventType "team-tourn"]
[EventRounds "9"]
[EventCountry "ESP"]
[SourceTitle "EXT 2020"]
[Source "ChessBase"]
[SourceDate "2019.10.17"]
[SourceVersion "1"]
[SourceVersionDate "2019.10.17"]
[SourceQuality "1"]
[WhiteTeam "Las Fuentes"]
[BlackTeam "Binefar"]
[WhiteTeamCountry "ESP"]
[BlackTeamCountry "ESP"]

1. Nf3 Nf6 2. g3 d5 3. Bg2 g6 4. d4 Bg7 5. c4 c6 6. cxd5 cxd5 7. 0-0 0-0 8. Nc3 Nc6 9. Bf4 Nh5 10. Be3 e6 11. Rc1 Bd7 12. Na4 b6 13. Nc3 Rc8 14. Qd2 Re8 15. Bh6 Bh8 16. e4 Ne7 17. e5 f6 18. g4 fxe5 19. gxh5 e4 20. Ne5 Bf6 21. hxg6 Nxg6 22. Nxg6 hxg6 23. Bf4 Rc4 24. Be3 Re7 25. f3 exf3 26. Rxf3 Rh7 27. Rcf1 Be7 28. Bg5 Bxg5 29. Rf8+ Kg7 30. R1f7+ Kh6 31. Rxh7+ Kxh7 32. Rxd8 Bxd2 33. Rxd7+ Kh6 34. Rd6 Be3+ 35. Kf1 Bxd4 36. Rxe6 Bc5 37. Bxd5 Rf4+ 38. Ke1 Kh5 39. Re8 Rb4 40. Re2 Rf4 41. Ne4 Bd4 42. b3 Rf8 43. Rd2 Bg7 44. Rg2 Kh6 45. Rg3 Bd4 46. Ke2 Rf5 47. Bc4 b5 48. Bd3 Re5 49. Kd2 b4 50. Nd6 Bc3+ 51. Kc2 Re6 52. Nb5 Be1 53. Rh3+ Kg7 54. Nxa7 Rf6 55. Kd1 Bc3 56. Ke2 Re6+ 57. Re3 Rf6 58. Nb5 Ba1 59. Re4 Ra6 60. Rxb4 Rxa2+ 1/2-1/2

[Event "Aragon-chT Preferente B"]
[Site "Aragon"]
[Date "2015.02.21"]
[Round "5.56"]
[White "Querol Soro, Sergio"]
[Black "San Lazaro Lorente, David"]
[Result "0-1"]
[WhiteElo "1993"]
[BlackElo "1751"]
[PlyCount "54"]
[EventDate "2015.01.24"]
[EventType "team-tourn"]
[EventRounds "9"]
[EventCountry "ESP"]
[SourceTitle "EXT 2017"]
[Source "ChessBase"]
[SourceDate "2016.10.25"]
[SourceVersion "1"]
[SourceVersionDate "2016.10.25"]
[SourceQuality "1"]
[WhiteTeam "Las Fuentes"]
[BlackTeam "Tauste II"]
[WhiteTeamCountry "ESP"]
[BlackTeamCountry "ESP"]

1. b4 d5 2. Bb2 e6 3. Nf3 Nf6 4. b5 c5 5. e3 Bd6 6. c4 0-0 7. Be2 Nbd7 8. 0-0 b6 9. d4 Bb7 10. Nbd2 cxd4 11. Nxd4 Nc5 12. cxd5 Bxd5 13. Nc4 Bc7 14. Rc1 Nfe4 15. Bf3 Qh4 16. g3 Qh3 17. Bg2 Qh6 18. Ne2 Rad8 19. Qc2 Bxc4 20. Qxc4 Nd2 21. Qc3 Nxf1 22. Kxf1 Rd3 23. Qc4 Rfd8 24. Nd4 Qh5 25. Bf3 Qxh2 26. Nc6 Rd2 27. Bg2 Rxf2+ 0-1

[Event "Aragon-chT Preferente B"]
[Site "Aragon"]
[Date "2015.02.14"]
[Round "4.56"]
[White "Calvo Simon, Jorge"]
[Black "Querol Soro, Sergio"]
[Result "1-0"]
[WhiteElo "1839"]
[BlackElo "1993"]
[PlyCount "61"]
[EventDate "2015.01.24"]
[EventType "team-tourn"]
[EventRounds "9"]
[EventCountry "ESP"]
[SourceTitle "EXT 2017"]
[Source "ChessBase"]
[SourceDate "2016.10.25"]
[SourceVersion "1"]
[SourceVersionDate "2016.10.25"]
[SourceQuality "1"]
[WhiteTeam "St Casablanca IV"]
[BlackTeam "Las Fuentes"]
[WhiteTeamCountry "ESP"]
[BlackTeamCountry "ESP"]

1. e4 d6 2. d4 g6 3. Nc3 Bg7 4. f4 Nf6 5. Nf3 c5 6. Bb5+ Nbd7 7. e5 Ng4 8. e6 fxe6 9. Ng5 Ngf6 10. Nxe6 Qb6 11. Nxg7+ Kf7 12. Ne6 Kxe6 13. Bc4+ d5 14. Nxd5 Nxd5 15. Bxd5+ Kf6 16. dxc5 Qxc5 17. Bd2 Re8 18. Bc3+ e5 19. fxe5+ Ke7 20. Qd2 Kd8 21. 0-0-0 Kc7 22. Bb4 Qb5 23. Bd6+ Kb6 24. b4 Ka6 25. Qc3 Nb6 26. Qa3+ Na4 27. Bc4 Qxc4 28. Qxa4+ Kb6 29. Qa5+ Kc6 30. Qc7+ Kb5 31. a4+ 1-0

[Event "Aragon-chT"]
[Site "Aragon"]
[Date "2009.03.07"]
[Round "6"]
[White "Querol Soro, Sergio"]
[Black "Gutierrez Mingueza, Ruben"]
[Result "1/2-1/2"]
[WhiteElo "1959"]
[BlackElo "2068"]
[PlyCount "64"]
[EventDate "2009.01.24"]
[EventType "team-swiss"]
[EventRounds "9"]
[EventCountry "ESP"]
[SourceTitle "EXT 2011"]
[Source "ChessBase"]
[SourceDate "2010.11.26"]
[SourceVersion "1"]
[SourceVersionDate "2010.11.26"]
[SourceQuality "1"]

1. b4 d5 2. Bb2 Nf6 3. e3 Bg4 4. Be2 Bxe2 5. Qxe2 c6 6. Nf3 e6 7. b5 Bd6 8. 0-0 0-0 9. c4 Nbd7 10. Nc3 Nb6 11. bxc6 bxc6 12. cxd5 cxd5 13. d3 Qd7 14. a4 a6 15. a5 Nc8 16. Na4 Bb4 17. Rfc1 Qe7 18. Ne5 Bd6 19. Nc6 Qe8 20. Qc2 Nd7 21. Qc3 f6 22. Ba3 Rf7 23. Rab1 Ne5 24. Bxd6 Nxd6 25. Nxe5 fxe5 26. Qxe5 Nb5 27. Nb6 Rd8 28. Rb2 Rf5 29. Qg3 h6 30. Rbc2 Rg5 31. Qh4 Qe7 32. Qh3 Qf7 1/2-1/2

[Event "Aragon-chT"]
[Site "Aragon"]
[Date "2009.01.31"]
[Round "2"]
[White "Barcena Laguia, Francisco"]
[Black "Querol Soro, Sergio"]
[Result "1/2-1/2"]
[WhiteElo "1963"]
[BlackElo "1959"]
[PlyCount "69"]
[EventDate "2009.01.24"]
[EventType "team-swiss"]
[EventRounds "9"]
[EventCountry "ESP"]
[SourceTitle "EXT 2011"]
[Source "ChessBase"]
[SourceDate "2010.11.26"]
[SourceVersion "1"]
[SourceVersionDate "2010.11.26"]
[SourceQuality "1"]

1. d4 Nf6 2. c4 g6 3. Nc3 d5 4. cxd5 Nxd5 5. e4 Nxc3 6. bxc3 c5 7. Nf3 Bg7 8. Be3 0-0 9. Qd2 Qa5 10. Rc1 Bg4 11. e5 Bxf3 12. gxf3 Nc6 13. f4 cxd4 14. cxd4 Qxd2+ 15. Bxd2 Nxd4 16. Bb4 Nc6 17. Ba3 Bh6 18. Rc4 Rfd8 19. Bc1 Rac8 20. Bh3 e6 21. 0-0 Nxe5 22. fxe5 Rxc4 23. Bxh6 Rd5 24. f4 Rc2 25. Bg2 Rdd2 26. Bxb7 Rxh2 27. Bg5 Rxa2 28. Rd1 Rhd2 29. Rc1 Rdc2 30. Rd1 Rd2 31. Rc1 Rac2 32. Ra1 Ra2 33. Rc1 Rdc2 34. Rd1 Rd2 35. Rc1 1/2-1/2

[Event "Aragon-chT Autonomico"]
[Site "Aragon"]
[Date "2007.02.24"]
[Round "5"]
[White "Fandino Reyes, Roquelina"]
[Black "Querol Soro, Sergio"]
[Result "1-0"]
[WhiteElo "2104"]
[BlackElo "1979"]
[PlyCount "81"]
[EventDate "2007.01.27"]
[EventType "team"]
[EventRounds "9"]
[EventCountry "ESP"]
[SourceTitle "EXT 2008"]
[Source "ChessBase"]
[SourceDate "2007.11.25"]
[SourceVersion "1"]
[SourceVersionDate "2007.11.25"]
[SourceQuality "1"]
[WhiteTeam "Jaime Casas"]
[BlackTeam "Las Fuentes"]
[WhiteTeamCountry "ESP"]
[BlackTeamCountry "ESP"]

1. e4 c5 2. c3 Nc6 3. Nf3 g6 4. Bb5 Bg7 5. 0-0 d6 6. Re1 Nf6 7. e5 dxe5 8. Nxe5 0-0 9. Bxc6 bxc6 10. Nxc6 Qd6 11. Nxe7+ Kh8 12. Nxc8 Raxc8 13. Na3 Rfe8 14. Nc4 Qd3 15. Rxe8+ Rxe8 16. Qf1 Re2 17. b3 Ne4 18. f3 Nxc3 19. Bb2 Nd5 20. Bxg7+ Kxg7 21. Re1 Nf4 22. Rxe2 Qxe2 23. g3 Qxf1+ 24. Kxf1 Nd3 25. a3 Kf6 26. Na5 Ke6 27. Ke2 Ne5 28. f4 Nd7 29. Ke3 Kd5 30. Nc4 h5 31. h3 f6 32. Kd3 Nf8 33. Ne3+ Kc6 34. Kc4 g5 35. Nd5 gxf4 36. Nxf4 h4 37. gxh4 Nh7 38. b4 cxb4 39. axb4 Kd6 40. d4 f5 41. Kb5 1-0

[Event "Aragon-chT"]
[Site "Spain"]
[Date "2004.??.??"]
[Round "?"]
[White "Querol Soro, Sergio"]
[Black "Guetas Sanchez, Hugo"]
[Result "1-0"]
[WhiteElo "1999"]
[BlackElo "1943"]
[PlyCount "79"]
[EventDate "2004.01.??"]
[EventType "team"]
[EventRounds "11"]
[EventCountry "ESP"]
[SourceTitle "EXT 2006"]
[Source "ChessBase"]
[SourceDate "2005.11.24"]
[SourceVersion "1"]
[SourceVersionDate "2005.11.24"]
[SourceQuality "1"]

1. b4 e5 2. Bb2 d6 3. b5 f5 4. e3 Nf6 5. Nf3 Be6 6. Nc3 Be7 7. d4 e4 8. Ng5 Bg8 9. d5 Nbd7 10. Bc4 Ne5 11. Bb3 h6 12. Ne6 Bxe6 13. dxe6 c6 14. a4 Nfg4 15. h3 Nf6 16. Ne2 0-0 17. 0-0 Qe8 18. Nd4 Qg6 19. Ne2 Nh5 20. Bxe5 dxe5 21. Qd7 Rfe8 22. Qxb7 f4 23. f3 cxb5 24. axb5 exf3 25. Rxf3 Bc5 26. Qf7+ Kh7 27. Bd5 Rad8 28. Qxg6+ Kxg6 29. Be4+ Kg5 30. g4 Nf6 31. Bf5 Bxe3+ 32. Rxe3 fxe3 33. Rxa7 g6 34. h4+ Kxh4 35. Bxg6 Rxe6 36. Ra4 Kh3 37. Nc3 Nd5 38. Bf5 Rb6 39. g5+ Kg3 40. Ne2+ 1-0

[Event "Aragon-chT"]
[Site "Spain"]
[Date "2004.??.??"]
[Round "?"]
[White "Solanas Godes, Beatriz"]
[Black "Querol Soro, Sergio"]
[Result "1/2-1/2"]
[WhiteElo "1734"]
[BlackElo "1999"]
[PlyCount "50"]
[EventDate "2004.01.??"]
[EventType "team"]
[EventRounds "11"]
[EventCountry "ESP"]
[SourceTitle "EXT 2006"]
[Source "ChessBase"]
[SourceDate "2005.11.24"]
[SourceVersion "1"]
[SourceVersionDate "2005.11.24"]
[SourceQuality "1"]

1. e4 c5 2. Nf3 Nc6 3. d4 cxd4 4. Nxd4 d6 5. Nc3 g6 6. Be3 Bg7 7. Qd2 Nf6 8. f3 Bd7 9. 0-0-0 0-0 10. g4 Rb8 11. h4 h5 12. gxh5 Nxh5 13. Rg1 Ne5 14. Be2 b5 15. f4 Nc4 16. Bxc4 bxc4 17. f5 Qb6 18. b3 Qa5 19. fxg6 cxb3 20. gxf7+ Kxf7 21. cxb3 Rfc8 22. Kb2 Nf6 23. Rg5 Qc7 24. Rc1 Qb7 25. Nf5 Bxf5 1/2-1/2

[Event "San Jose op"]
[Site "San Jose"]
[Date "1998.??.??"]
[Round "8"]
[White "Perales, Sergio"]
[Black "Querol Soro, Sergio"]
[Result "0-1"]
[WhiteElo "1705"]
[BlackElo "2020"]
[PlyCount "79"]
[EventDate "1998.??.??"]
[EventType "swiss"]
[EventRounds "9"]
[EventCountry "ESP"]
[SourceTitle "EXT 2000"]
[Source "ChessBase"]
[SourceDate "1999.11.16"]
[SourceVersion "1"]
[SourceVersionDate "1999.11.16"]
[SourceQuality "1"]

1. c4 Nf6 2. Nc3 g6 3. g3 Bg7 4. Bg2 0-0 5. Nf3 c6 6. 0-0 d5 7. cxd5 Nxd5 8. d4 Na6 9. a3 Nb6 10. Re1 Be6 11. e4 Bg4 12. Ne2 Qc8 13. b4 Nc4 14. Rb1 Nc7 15. Qd3 b5 16. Nd2 Nb6 17. Bb2 Rd8 18. Nb3 Nc4 19. Nd2 Nxb2 20. Rxb2 Bxe2 21. Qxe2 Bxd4 22. Rc2 Qa6 23. e5 Nd5 24. Nb3 Bb6 25. e6 f6 26. Ra1 Rac8 27. Nc5 Bxc5 28. Rxc5 Nxb4 29. Rcc1 Nd5 30. Rc5 Nb4 31. Rcc1 Nd3 32. Rc3 Ne5 33. Qe3 b4 34. Rb3 c5 35. Bf1 Qa4 36. f4 Ng4 37. Qf3 Rd2 38. Bg2 f5 39. Bf1 Nxh2 40. Bg2 0-1

[Event "San Jose op"]
[Site "San Jose"]
[Date "1998.??.??"]
[Round "5"]
[White "Querol Soro, Sergio"]
[Black "Laliena Solanes, Luis M"]
[Result "1-0"]
[WhiteElo "2020"]
[BlackElo "2245"]
[PlyCount "83"]
[EventDate "1998.??.??"]
[EventType "swiss"]
[EventRounds "9"]
[EventCountry "ESP"]
[SourceTitle "EXT 2000"]
[Source "ChessBase"]
[SourceDate "1999.11.16"]
[SourceVersion "1"]
[SourceVersionDate "1999.11.16"]
[SourceQuality "1"]

1. b3 Nf6 2. Bb2 e6 3. Nf3 d5 4. e3 Bd6 5. d4 0-0 6. Bd3 Nbd7 7. Nbd2 c5 8. c4 Qe7 9. 0-0 e5 10. dxe5 Nxe5 11. Be2 Rd8 12. Qc2 Bg4 13. Rfe1 dxc4 14. bxc4 Nc6 15. a3 Bh5 16. Bd3 Ne5 17. Be2 Bg6 18. Qb3 Bc7 19. Red1 Nc6 20. Bxf6 gxf6 21. Nh4 Ne5 22. Nxg6 hxg6 23. Nf3 Nc6 24. Rxd8+ Rxd8 25. Rd1 Nd4 26. exd4 Qxe2 27. Re1 Qxe1+ 28. Nxe1 Rxd4 29. Nf3 Rd7 30. g3 b6 31. Kg2 Kg7 32. Qa4 Rd3 33. Qxa7 Bd8 34. Qa4 f5 35. Qc2 Rd6 36. Qa2 Bf6 37. h3 Rd1 38. Qb3 Rc1 39. a4 Rc3 40. Qb5 Rc2 41. Qxb6 Rxc4 42. a5 1-0